Questões polêmicas do sistema ´´s´´ sob a ótica do TCU / (Record no. 666)

MARC details
000 -LÍDER
Campo Fixo de Controle 00972cam a2200277 a 4500
001 - NÚMERO DE CONTROLE
Campo de Controle 666
003 - IDENTIFICAÇÃO DO NÚMERO DE CONTROLE
Campo de Controle BR-CuiBMT
005 - DATA E HORA DA ÚLTIMA ATUALIZAÇÃO
Campo de Controle 20231121220842.0
008 - DADOS FIXOS
Dados Fixos 231113s2015 mgb 000 0 por d
020 ## - INTERNATIONAL STANDARD BOOK NUMBER
Nº do ISBN 978854500426
040 ## - AGÊNCIA CATALOGADORA
Código da Agência Catalogadora BR-CuiBMT
Agência que transcreveu o registro BR-CuiBMT
080 ## - Nº DA CLASSIFICAÇÃO DECIMAL UNIVERSAL
Nº edição CDU 2007
Nº Class. CDU 657.6:364.3
090 ## - NÚMERO DE CHAMADA
Nº classificação 657.6:364.3
Cutter A282q
100 1# - ENTRADA PRINCIPAL -- AUTOR PESSOAL
Nome pessoal Aguiar, Ubiratan
245 10 - TÍTULO PRINCIPAL
Título principal Questões polêmicas do sistema ´´s´´ sob a ótica do TCU /
Indicação de responsabilidade Ubiratan Aguiar, Andrei Aguiar ; prefácio Augusto Sherman Cavalcanti.
260 ## - PUBLICAÇÃO, DISTRIBUIÇÃO, ETC.
Local de publicação Belo Horizonte :
Editora Fórum,
Data 2015.
300 ## - DESCRIÇÃO FÍSICA
N. páginas ou volumes 240 p. ;
Dimensões 21 cm
504 ## - NOTA DE BIBLIOGRAFIA, ETC.
Nota de bibliografia Inclui bibliografia.
650 ## - ASSUNTO TÓPICO
Cabeçalho tópico ou nome geográfico Serviço Social da Indústria
Subdivisão geográfica Brasil
650 ## - ASSUNTO TÓPICO
Cabeçalho tópico ou nome geográfico Serviço social autônomo
Subdivisão geográfica Brasil
650 ## - ASSUNTO TÓPICO
Cabeçalho tópico ou nome geográfico Serviço Brasileiro de Apoio às Micro e Pequenas Empresas
Subdivisão geográfica Brasil
650 ## - ASSUNTO TÓPICO
Cabeçalho tópico ou nome geográfico Serviço Social do Comércio
Subdivisão de forma Brasil
650 ## - ASSUNTO TÓPICO
Cabeçalho tópico ou nome geográfico Serviço social
Subdivisão geral Fiscalização
-- Controle
Subdivisão geográfica Brasil
700 1# - ENTRADA SECUNDÁRIA -- NOME PESSOAL
Nome pessoal Aguiar, Andrei
942 ## - ELEMENTOS DE ENTRADA ADICIONAIS (KOHA)
Fonte de classificação ou esquema de arquivamento Classificação Decimal Universal
Tipo de item do Koha Livros
Holdings
Estado: removido Estado: perdido Fonte de classificação ou esquema de arquivamento Estado: danificado Indisponível para empréstimo Localização permanente Localização atual Data de aquisição Total Checkouts Número de Chamada completo Código de barras Date last seen Número do exemplar Preço efetivo a partir de Tipo de item (Koha)
    Classificação Decimal Universal     Biblioteca da Escola Superior de Contas do TCE/MT Biblioteca da Escola Superior de Contas do TCE/MT 06/08/2019   657.6:364.3 A282q BIBTCEMT23110504 13/11/2023 Ex. 1 06/08/2019 Livros
    Classificação Decimal Universal     Biblioteca da Escola Superior de Contas do TCE/MT Biblioteca da Escola Superior de Contas do TCE/MT 06/08/2019   657.6:364.3 A282q BIBTCEMT23110505 13/11/2023 Ex. 2 06/08/2019 Livros

Powered by Koha